4 to 13 letters quiz # Y - Statistics

General Stats
  • This quiz has been taken 29 times
  • The average score is 7 of 10
Answer Stats
Hint Answer # of Letters % Correct
European country that dissolved in 1992 Yugoslavia 10
100%
US National park located in Wyoming, Montana, and Idaho Yellowstone 11
93%
Second largest country in Arabian Peninsula Yemen 5
93%
Largest historic county in the United Kingdom Yorkshire 9
79%
Capital city of Cameroon Yaoundé 7
64%
Second largest city in Japan Yokohama 8
61%
Myanmar's former capital city Yangon 6
54%
Capital city of Côte d’Ivoire Yamoussoukro 12
50%
Fourth largest city in Russia Yekaterinburg 13
43%
Iranian city nicknamed, 'City of Windcatchers' Yazd 4
14%
No matching quizzes found
Score Distribution
Percent of People with Each Score
Percentile by Number Answered
Your Score History
You have not taken this quiz